| 000 | 00686cam a2200181 a 4500 | ||
|---|---|---|---|
| 008 | 040803s1983 ck 000 0 spa u | ||
| 035 | _aa439125 | ||
| 050 | 0 | 0 |
_aHD9199 .C65 _bA72 1983 |
| 100 | 1 | _aArango, Mariano | |
| 245 | 1 | 0 |
_aBonanza de precios y transformaciones en la industria cafetera : _bAntioquia 1975-1980 / _cMariano Arango, Rafael Aubad, Jaime Piedrahíta. |
| 250 | _a1a ed. | ||
| 260 |
_aMedellín, Colombia : _bUniversidad de Antioquia, Centro de Investigaciones Económicas, _c1983. |
||
| 300 |
_a294 p. ; _c24 cm. |
||
| 650 | 4 |
_aCafé _xComercio _zAntioquia, Colombia |
|
| 700 | 1 | _aAubad, Rafael, coaut. | |
| 700 | 1 | _aPiedrahíta, Jaime, coaut. | |
| 942 |
_2lcc _cLIB |
||
| 999 |
_c66613 _d66613 |
||